01324 am a2200325ua 4500999001700000001001000017003000900027005001700036008004100053020001800094040004600112043001200158082001700170100003800187245016400225264004200389300005300431336002600484337002800510338002700538504005100565650004400616651003900660651003100699653003400730655002400764700003600788942001200824952016200836 c29348d29319008744722EG-ScBUE20210809104802.0961111s1996 enka f b 001 0 eng d a9789774247354 aStDuBDSbengerdadUkcEG-ScBUEdEG-ScBUE af-ua---04a932bREE2221 aReeves, Nicholas,d1956-eauthor.14aThe complete Valley of the Kings :btombs and treasures of Egypt's greatest Pharaohs : 532 illustrations, 76 in color /cNicholas Reeves, Richard H. Wilkinson. 1aLondon :bThames & Hudson Ltd,c1996. a224 pages :billustrations (some color) ;c27 cm atext2rdacontentbtxt aunmediated2rdamediabn avolume2rdacarrierbnc aIncludes bibliographical references and index. 7aExcavations (Archaeology)2BUEsh917238 7aValley of the Kings (Egypt)2BUEsh 7aEgyptxAntiquities.2BUEsh1 aAntiquitiesbGGENcAugust2021 vReading book9342321 aWilkinson, Richard H.,eauthor. 2ddccBB 00102ddc40708BaccahaMAINbMAINc2NDd2021-08-09ePurchaseg173.00h35754l1o932 REEp000050509r2025-07-15 00:00:00s2024-10-08v216.25w2021-08-09yBB